Sub sole

Saved in:
Bibliografiske detaljer
Hovedforfatter: Lillo, Baldomero (autor)
Format: Bog
Sprog:spansk
Udgivet: Santiago Nascimento 1952
Udgivelse:5a. ed
Fag:
Tags: Tilføj Tag
Ingen Tags, Vær først til at tagge denne postø!

MARC

LEADER 00000nam a2200000 a 4500
001 UCQ2309
003 CL-VaPUC
008 980724e19520000CL |||||||||||||||||spa|d
082 0 4 |a Ch863  |b LIL  |2 21 
100 |a Lillo, Baldomero  |e autor  |9 342813 
245 1 0 |a Sub sole 
250 |a 5a. ed 
300 |a 163 p 
942 |c BK 
945 |d 19980724 00:00:00  |a lriquelm 
260 |a Santiago  |b Nascimento  |c 1952 
650 0 |a Cuentos chilenos   |9 308280 
650 0 |a Literatura chilena   |9 308278 
650 0 |a Prosa chilena   |9 267787 
650 0 |a Formas y géneros literarios  |9 324031 
583 |a last modification  |c 19980724 00:00:00  |k Rodrigo Vera 
999 |c 273141  |d 273139